00817nam a2200253 a 4500001001300000003000900013005001700022008004100039020002300080082002200103100001500125245005300140260004400193300000900237500003500246505003400281650003600315650003200351700001500383902000800398942000700406952013500413999001500548nice12345678IN_TiNIC20260116012735.0050524s1989 lona grp 000 0 eng  a0192995 c27500a323.39710954bNAN aNanda, B R aGandhi, Pan-Islamism Imperialism and Nationalism aLondan bOxford University Press c1989 a438p aincludes index and biblioraphy2 aGlossary, Bibliography, Index aMuslims-India-Khilafat Movement aKhilafat Movemnt and Gandhi1 aNanda, B R bSRS cBK 001040708StackRoom-aHMIbHMId2007-04-10g275.00l3o323.39710954 NANp014419r2022-04-04s2022-02-11v275.00w2005-05-24yBK c8178d8178